000 00313nam a2200109Ia 4500
008 171211s9999 xx 000 0 und d
245 _aDigital Speech, 2nd Edition
245 _cA. M. Kondoz
260 _c2004
650 _xIT eBOOKS
856 _uhttp://down.ebook777.com/020/Digital%20Speech,%202nd%20Edition.pdf
999 _c349818
_d349818